| 000 | 00644nam a2200265Ia 4500 | ||
|---|---|---|---|
| 005 | 20260121170913.0 | ||
| 008 | 008 260114s9999 xx 000 0 eng d | ||
| 020 | _a9789811329418 | ||
| 037 | _aEBOOK | ||
| 040 | _aCRL | ||
| 040 | _beng | ||
| 040 | _cCRL | ||
| 041 | _2eng | ||
| 041 | _aeng | ||
| 084 | _qCRL | ||
| 100 |
_aDiane Ansermet _91069607 |
||
| 245 | 0 | _aEmergent Superconductivity in Low Dimensions | |
| 260 | _bSpringer | ||
| 260 | _bSpringer | ||
| 260 | _c2018 | ||
| 856 | _uhttps://link.springer.com/openurl?genre=book&isbn=978-981-13-2941-8 | ||
| 942 | _cEBOOK | ||
| 999 |
_c1635337 _d1635337 |
||